| 000 | 01481cam a2200253 4500 | ||
|---|---|---|---|
| 001 | ##L134032 | ||
| 008 | 060704n2006 000 0 eng u | ||
| 035 | _a(Sirsi) u134032 | ||
| 041 | 0 | _aeng | |
| 050 | 0 | 4 | _a332.6324 $2 18 |
| 110 | 2 |
_aGVA Grimley _93646 |
|
| 245 | 0 | 0 |
_aCBI/GVA Grimley survey of property trends _bsummer 2006 |
| 260 |
_aLondon _bGVA Grimley _c2006 |
||
| 490 | 0 | _aCBI/GVA Grimley Survey of Property Trends | |
| 505 | 2 | _aExecutive summary -- Definitions -- Change in property holdings -- Change in property holdings by sector -- Capital expenditure on property -- Business optimism -- Business output -- Employment change -- Conclusions | |
| 520 | _aOccupier demand has slowed over the last six months, and is likely to remain quiet over the next six. However, business optimism has undergone a turnaround over the last six months, with the highest level since mid-2004, and this should produce stronger property demand in 2007. GVA Grimley's bi-annual survey for the CBI collects data from occupiers of office, distribution, retail, and manufacturing property from all sectors of the economy. | ||
| 590 | _aIKA040706 NTK | ||
| 650 | 2 | 4 | _aCBI/GVA GRIMLEY SURVEY OF PROPERTY TRENDS |
| 651 | 4 |
_aUnited Kingdom _y |
|
| 690 | _aPROPERTY-COMMERCIAL PROPERTY-COMMERCIAL PROPERTY MARKET | ||
| 710 | 2 |
_aConfederation of British Industry _9414 |
|
| 856 | 4 | 0 |
_uhttps://www.gvagrimley.co.uk/ _zView the item free of charge at www.gvagrimley.co.uk... |
| 942 | _n0 | ||
| 999 |
_c105522 _d105522 |
||